00197nam a2200085Ia 4500008004100000100001500041245002800056260001800084260000900102180219s9999 xx 000 0 und d aSharma R A 0aShiksha Avam Manovigyan aR .Lal Meerut c2014